000 00281nam a22001337a 4500
008 171227b xxu||||| |||| 00| 0 eng d
020 _a9780072960617
041 _aeng
080 _a28
100 _a33
101 _aBUS
245 _aBUSINESS LAW
_cBROWN.G.H
942 _2udc
_cBK
999 _c39468
_d39468